000 00576 a2200181 4500
010 _aENG-86096
020 _a0070637199
_c450.00
035 _aEN-69629
037 _bDBAD/ PUB
082 1 4 _a005.7565
100 1 _aGopalakrishnan, K.
245 1 _aOracle database10g real application clusters handbook /
_cby K.Gopalkrishnan
260 _aNew Delhi
_bTata Mc-Graw Hill Publishing
_c2007
270 _a7, West Patel Nagar
_bNew Delhi
_e110 008
300 _axxii, 429 p.
_c23 cm. (Pbk.)
500 _aIncludes index
942 _adpl
_cEN
_2ddc
_h005.7565
_mGOP
999 _c4106
_d4106